<?xml version="1.0" encoding="UTF-8"?>
<collection xmlns="http://www.loc.gov/MARC21/slim">
<record>
  <controlfield tag="001">1432</controlfield>
  <datafield tag="088" ind1=" " ind2=" ">
    <subfield code="a">0055</subfield>
  </datafield>
  <datafield tag="260" ind1=" " ind2=" ">
    <subfield code="c">1894</subfield>
  </datafield>
  <datafield tag="520" ind1=" " ind2=" ">
    <subfield code="a">Solano Co. Pioneers. (Front L to R) John R. Wolfskill, M. R. Miller, John M. Pleasants, W. R. Gibbs, Jim Collins, G. W. Thissel. (Back) W. J. Pleasants, E. R. Thurger, Richard Long, E. Rust. Taken April 29 while celebrating J. M. Pleasants 85th birthday.</subfield>
  </datafield>
  <datafield tag="980" ind1=" " ind2=" ">
    <subfield code="a">43905848739</subfield>
  </datafield>
  <datafield tag="960" ind1=" " ind2=" ">
    <subfield code="a">hc</subfield>
  </datafield>
</record>
</collection>